[Event "World Team-ch Women 2017"]
[Site "Khanty-Mansyisk"]
[Date "2017.06.23"]
[Round "6"]
[White "Osmak, Iulija"]
[Black "Fataliyeva, Ulviyya"]
[Result "1/2-1/2"]
[WhiteElo "2350"]
[BlackElo "2341"]
[Annotator "TA"]
[PlyCount "91"]
[EventDate "2017.??.??"]
[EventType "team-tourn"]
[EventCountry "RUS"]
[SourceTitle "playchess.com"]
[Source "ChessBase"]
[SourceQuality "1"]
[WhiteTeam "UKR"]
[BlackTeam "AZE"]
[WhiteTeamCountry "UKR"]
[BlackTeamCountry "AZE"]

{[%evp 15,91,0,0,-14,-5,-31,14,0,33,50,56,56,72,61,70,66,64,13,13,13,29,31,25,9,29,25,59,14,19,21,27,4,8,0,0,-4,0,0,0,0,-10,-49,-38,-25,-1,-57,-68,-77,-75,-101,0,0,0,0,0,0,0,0,0,0,0,0,0,0,0,0,0,0,0,0,0,0,0,0,0,0,0,0]} 1. d4 e6 2. Bf4 d5 3. e3 c5 4. c3 Nc6 5. Nf3 Nf6 6. Nbd2 Bd6 7. Bg3 O-O 8. Bd3 b6 9. e4 {Bxd6 is the strong threat. D02: 1 d4 d5 2 Nf3 sidelines, including 2...Nf6 3 g3 and 2...Nf6 3 Bf4} (9. Ne5 Bb7 10. O-O Qc7 11. f4 Ne7 12. Qb1 Qc8 13. Bh4 Nf5 14. Bxf5 exf5 15. Bxf6 gxf6 16. Nef3 Qe6 17. Re1 Ba6 18. Nh4 cxd4 19. exd4 {1-0 (28) Korobov,A (2692)-Dominguez Perez,L (2739) Doha 2016}) 9... Be7 10. e5 Nd7 11. a3 f6 $146 ({Predecessor:} 11... a5 12. Qe2 Ndb8 13. O-O Ba6 14. dxc5 Bxd3 15. Qxd3 bxc5 16. c4 Na6 {0-1 (48) Pham,L (2351)-Arabidze,M (2379) Doha 2016}) 12. exf6 Nxf6 13. O-O Bd6 14. Ne5 Ne7 15. Qe2 Nf5 16. Bxf5 ({White should try} 16. Nef3 $14) 16... exf5 $11 17. Nc6 Qc7 {White must now prevent ...f4.} 18. Bxd6 Qxd6 19. Ne5 f4 20. Rfe1 Bf5 21. b4 Rac8 22. Rac1 a5 {[%cal Ra5b4]} 23. Qb5 axb4 24. axb4 Ne4 25. Nxe4 dxe4 26. Nc4 Qg6 {And now ...Bh3 would win.} 27. Ne5 ({Don't blunder} 27. dxc5 $2 Bh3 $19) 27... Qf6 28. Nc4 (28. bxc5 {is interesting.} bxc5 29. Ra1 cxd4 30. Qd5+ Be6 31. Qxd4 f3 32. g4) 28... cxd4 29. cxd4 Qxd4 {aiming for ...e3!} 30. Nxb6 (30. Red1 $11 Qf6 31. Qd5+ Kh8 32. Nd6 Rxc1 33. Rxc1) 30... Rxc1 $15 31. Rxc1 {[#]} Rd8 $1 {Threatens to win with ...e3.} 32. h3 {[#]} e3 (32... Qd2 $1 $17 {[%cal Rd2c1]} 33. Ra1 Bg6) 33. Qxf5 $11 {The position is equal.} exf2+ 34. Kh2 {Hoping for Qe6+.} Qxb6 35. Qxf4 {[%mdl 4096] Endgame KQR-KQR} Rf8 36. Qc4+ Kh8 37. Rf1 h6 38. Qc5 Qb8+ 39. Kh1 Qf4 40. b5 Rf6 {White should prevent ...Qe4.} 41. b6 Qb8 42. Rxf2 Qxb6 43. Qc8+ Kh7 44. Qc2+ Kh8 45. Rxf6 Qxf6 46. Qc8+ {Precision: White = 55%, Black = 59%.} 1/2-1/2

[Event "World Team-ch Women 2017"]
[Site "Khanty-Mansyisk"]
[Date "2017.06.23"]
[Round "6"]
[White "Nemcova, Katerina"]
[Black "Lei, Tingjie"]
[Result "0-1"]
[WhiteElo "2313"]
[BlackElo "2488"]
[Annotator "TA"]
[PlyCount "99"]
[EventDate "2017.??.??"]
[EventType "team-tourn"]
[EventCountry "RUS"]
[SourceTitle "playchess.com"]
[Source "ChessBase"]
[SourceQuality "1"]
[WhiteTeam "USA"]
[BlackTeam "CHN"]
[WhiteTeamCountry "USA"]
[BlackTeamCountry "CHN"]

{[%evp 26,99,28,24,32,21,38,42,23,0,0,0,0,0,0,-10,-23,-7,0,-34,0,-7,0,0,0,-38,0,0,0,0,0,0,0,0,0,0,0,-7,-7,-8,-8,-2,-5,-14,-18,-70,-87,-12835,-12835,-12836,-12836,-12837,-12837,-12837,-12838,-12838,-12839,-12838,-12839,-12840,-12840,-12841,-12841,-12841,-12842,-12842,-12843,-12843,-12843,-12844,-12844,-12845,-12845,-12845,-12846,-12846]} 1. e4 c6 2. d4 d5 3. Nd2 dxe4 4. Nxe4 Bf5 5. Ng3 Bg6 6. h4 h6 7. Nf3 e6 8. h5 Bh7 9. Bd3 Bxd3 10. Qxd3 Nf6 11. Bd2 c5 12. Ne4 {B19: Classical Caro-Kann: 4...Bf5 main line} Nc6 13. Bc3 cxd4 14. Nxd4 {LiveBook: 5 Games. White has an edge.} Nb4 15. Nxf6+ gxf6 {[#]} 16. Qb5+ $146 ({Predecessor:} 16. Bxb4 Bxb4+ 17. c3 Be7 18. O-O-O Qb6 19. Qb5+ Kf8 {1-0 (55) Wei,Y (2727)-Wang,H (2690) China 2017}) 16... Qd7 17. Bxb4 {[#] Hoping for Bc3.} (17. Qxd7+ {looks sharper.} Kxd7 18. Rd1 Nd5 19. Bd2 Rc8 20. c3) 17... Qxb5 18. Nxb5 Bxb4+ 19. c3 Ba5 20. Nd6+ Ke7 21. O-O-O Rhg8 22. g3 Bb6 (22... Bc7 $5 {[%cal Rc7d6]} 23. Nc4 (23. Nxb7 Rg5 $15) 23... f5 $15) 23. Rd2 Rad8 (23... Rgd8 $5 24. Rhd1 $8 f5 $11) 24. Rhd1 $1 f5 25. a4 {[#]} f4 $1 {[%mdl 512]} 26. gxf4 Bxf2 27. Nf5+ exf5 28. Rxf2 Rxd1+ 29. Kxd1 $11 {[%mdl 4096] Endgame KR-KR} Rg4 30. b4 Rh4 31. Kc2 Rxh5 32. Re2+ Kf6 {next ...Rh4 is good for Black.} 33. Rd2 Rh1 {With the idea ...h5.} 34. Rd7 h5 {Threatens to win with ...h4.} 35. Rxb7 ({White should play} 35. Kd2 $11) 35... h4 $1 $15 {[%cal Rh4h3]} 36. Rxa7 $2 {[%mdl 8192]} (36. Rd7 $17) 36... h3 $19 {Black is clearly winning.} 37. Ra6+ Kg7 38. Rd6 Rg1 (38... h2 $2 39. Rd2 $19) 39. Rd3 h2 40. Rh3 h1=Q 41. Rxh1 Rxh1 {KR-KP} 42. a5 Kf6 43. Kb3 Ke6 44. Kc4 Kd6 45. Kb5 Kc7 46. c4 Rf1 47. Kc5 Rxf4 48. b5 Rf1 49. a6 Rb1 50. Kd4 {Precision: White = 37%, Black = 90%.} 0-1

[Event "World Team-ch Women 2017"]
[Site "Khanty-Mansyisk"]
[Date "2017.06.23"]
[Round "6"]
[White "Nguyen, Thi Mai Hung"]
[Black "Melia, Salome"]
[Result "0-1"]
[WhiteElo "2301"]
[BlackElo "2393"]
[Annotator "TA"]
[PlyCount "150"]
[EventDate "2017.??.??"]
[EventType "team-tourn"]
[EventCountry "RUS"]
[SourceTitle "playchess.com"]
[Source "ChessBase"]
[SourceQuality "1"]
[WhiteTeam "VIE"]
[BlackTeam "GEO"]
[WhiteTeamCountry "VIE"]
[BlackTeamCountry "GEO"]

{[%evp 16,150,13,-7,-9,-10,0,-29,-16,-42,-36,-71,-69,-70,-36,-47,-36,-68,-54,-73,-72,-71,-84,-78,-57,-77,-27,-32,-29,-135,-139,-312,-307,-304,-144,-125,-97,-108,-103,-160,-172,-182,-186,-150,-129,-172,-175,-184,-145,-197,-181,-195,-194,-291,-292,-283,-275,-268,-104,-262,-244,-244,-238,-219,-103,-103,-90,-93,-118,-112,-78,-197,-206,-209,-188,-190,-182,-198,-190,-215,-219,-271,-283,-334,-194,-333,-330,-333,-333,-312,-266,-256,-256,-306,-283,-391,-413,-407,-326,-450,-450,-457,-454,-1104,-1104,-790,-730,-702,-625,-1421,-984,-6437,-1135,-7478,-6727,-6437,-6100,-6437,-5646,-5177,-4926,-4922,-4914,-29974,-29975,-29975,-29976,-29975,-29976,-29979,-29972,-29977,-29978,-29981,-29982,-29982,-29973]} 1. d4 e6 2. Nf3 c5 3. e3 Nf6 4. Bd3 d5 5. b3 Nc6 6. O-O Bd6 7. Bb2 O-O 8. Nbd2 b6 9. Ne5 Bb7 {D05: Colle System with ...e6} 10. a3 Ne7 11. f4 Ne4 {Black has an edge.} 12. Qe2 (12. Bxe4 dxe4 13. Ndc4 Bxe5 14. fxe5 cxd4 15. Nd6 Ba6 16. Rf4 d3 17. Rxe4 dxc2 18. Qxc2 {½-½ (38) Forcen Esteban,D (2549)-Granda Zuniga,J (2688) La Roda 2016}) 12... Rc8 13. Rf3 f6 14. dxc5 $146 ({Predecessor:} 14. Ng4 c4 15. bxc4 Nxd2 16. Qxd2 dxc4 17. Be2 Bxf3 18. Bxf3 {0-1 (39) Len,I (2127)-Stetsko,L (2278) Skopje 2015}) 14... Bxc5 15. Ng4 f5 16. Nf2 Ng6 $1 17. Rf1 Be7 18. Rh3 Bf6 $1 {[%cal Rf6b2]} 19. Bxf6 Qxf6 ({Of course not} 19... Nxf6 20. Nf3 $11) 20. Nf3 h6 21. Qd1 Rfd8 22. Nh1 {[#]} (22. Qe1 $11 {keeps the balance.}) 22... d4 $1 $17 {[%cal Rd4e3][%mdl 512]} 23. Qe1 $2 (23. Nxd4 $17 Rxd4 24. exd4 Qxd4+ 25. Nf2 Nxf4 26. Bxe4 Qxd1 27. Rxd1 Nxh3+ 28. gxh3 Bxe4 29. Nxe4 fxe4 30. c4) (23. exd4 Nxf4) 23... dxe3 $19 24. Qxe3 Rc3 (24... Nc3 $19 25. g3 Nd5) 25. Nf2 $17 Qe7 26. Nd1 Rc7 27. b4 (27. Nd4 $142) 27... Qd6 28. Nh4 Nxh4 29. Rxh4 a5 30. Qe1 axb4 31. axb4 Qd4+ 32. Kh1 (32. Nf2 $17 {is a better defense.}) 32... Ra8 $19 33. Rh3 Ra1 34. c3 (34. Rhf3 {was called for.}) 34... Qf6 35. Bxe4 Bxe4 36. Qe2 Rc1 $2 (36... Qd8 $19 {is more deadly.} 37. Kg1 Rca7) 37. Rg3 $2 (37. Qe3 $17 Rc2 38. Rg3) 37... Rd7 {White must now prevent ...Qd8.} 38. Nf2 {[#]} Rd2 $1 {[%cal Rd2e2][%mdl 512]} 39. Qc4 {[#]} (39. Qxd2 Rxf1#) 39... Rxf1+ (39... Rdc2 $1 $19 {and Black stays clearly on top. Hoping for ...Bd5.} 40. Nxe4 fxe4) 40. Qxf1 $17 Bd5 41. Qe1 Rc2 $40 {[%mdl 128] White is in trouble.} 42. Kg1 Bc4 (42... Kf8 {is interesting.} 43. Rd3 b5 44. Qe3 Kg8 45. h3 Kh7) 43. Nd3 (43. h3 $17 {might work better.}) 43... Qxc3 $19 44. Qxc3 Rxc3 {[%mdl 4096] Endgame KRB-KRN} 45. Ne5 Rc1+ 46. Kf2 Bd5 47. Re3 {[#]} Rb1 $1 48. Nd3 Be4 49. g3 Rb3 (49... Bxd3 $142 50. Rxd3 Rxb4) 50. Ke2 (50. Ne5 $142 Rxb4 51. h4) 50... Bxd3+ 51. Rxd3 Rxb4 {KR-KR} 52. Rd7 Re4+ 53. Kf3 b5 {[%cal Bb6b5,Bb5b4][%mdl 32]} 54. Rb7 b4 55. g4 Rc4 56. gxf5 exf5 57. Ke3 Kh7 58. h4 {Now h5 and White clings on.} Kg6 59. h5+ (59. Rb5 $142) 59... Kxh5 60. Rxg7 Rc3+ 61. Kd4 Rc1 62. Rb7 Kg4 63. Rxb4 Kxf4 (63... Re1 $142 64. Rb2 Kg3 65. Rb3+ Kxf4) 64. Kd5+ Kg5 65. Rb8 Rd1+ 66. Ke5 Re1+ 67. Kd4 h5 {[%cal Bh6h5,Bh5h4][%mdl 32]} 68. Rg8+ Kf4 69. Kd3 h4 {Black mates.} 70. Rh8 Kg4 71. Rg8+ Kf3 72. Rh8 Rd1+ 73. Kc2 Rd4 74. Kc3 Rg4 75. Kd3 Kg2 {Precision: White = 32%, Black = 60%.} 0-1

[Event "World Team-ch Women 2017"]
[Site "Khanty-Mansyisk"]
[Date "2017.06.23"]
[Round "6"]
[White "Balajayeva, Khanim"]
[Black "Buksa, Nataliya"]
[Result "1-0"]
[WhiteElo "2283"]
[BlackElo "2344"]
[Annotator "TA"]
[PlyCount "107"]
[EventDate "2017.??.??"]
[EventType "team-tourn"]
[EventCountry "RUS"]
[SourceTitle "playchess.com"]
[Source "ChessBase"]
[SourceQuality "1"]
[WhiteTeam "AZE"]
[BlackTeam "UKR"]
[WhiteTeamCountry "AZE"]
[BlackTeamCountry "UKR"]

{[%evp 16,107,0,0,0,-13,-10,-14,-4,-12,0,0,0,0,0,0,0,0,0,0,2,0,6,6,13,11,22,25,24,14,25,26,20,24,16,15,70,60,64,65,93,93,94,102,153,153,145,118,175,175,175,175,175,175,175,137,205,206,195,187,191,191,206,177,231,210,312,262,250,270,263,228,570,570,566,534,976,950,950,921,916,836,2959,2802,5305,5201,29977,29978,29977,29981,29980,29982,29980,29983]} 1. e4 {[%cal Be2e4,Be4e5][%mdl 32]} c5 2. c3 Nf6 {[%cal Bg8f6,Bf6d5,Bd5b4][%mdl 32]} 3. e5 Nd5 4. d4 cxd4 5. Nf3 Nc6 6. cxd4 d6 7. Bc4 dxe5 8. dxe5 Ndb4 9. Qb3 e6 {B22: Sicilian: 2 c3} 10. O-O Na5 $1 {[%cal Ra5b3]} 11. Bb5+ Bd7 {The position is equal.} 12. Qa4 $1 Bxb5 13. Qxb5+ Nac6 {Threatens to win with ...Nc2.} 14. Nc3 a6 15. Qc4 Qd3 16. Qg4 Qg6 17. Qxg6 hxg6 {[#]} 18. Rd1 $146 Bc5 19. Bf4 Nc2 20. Rac1 $36 {[%mdl 2048] Black is under pressure.} N2d4 21. Nxd4 Bxd4 22. Ne4 Bxb2 23. Nd6+ Kf8 24. Rb1 Bxe5 25. Rxb7 Bxf4 (25... Nd8 $11 26. Bxe5 Nxb7 27. Nxb7 Rh5) 26. Rxf7+ $14 Kg8 27. Rxf4 Rd8 28. Rc4 Ne5 29. Ra4 Rh5 (29... a5 $142) 30. Rxa6 $16 Nc4 31. Rc6 Rd5 (31... Rb5 $16) 32. Rxd5 $18 exd5 33. Nxc4 dxc4 {[%cal Rd8d1][%mdl 4096] [#] Endgame KR-KR} 34. g3 Ra8 35. Rxg6 Rxa2 (35... c3 $16 36. Rc6 Ra3) 36. Rc6 Rc2 37. Kg2 Kf7 38. h4 {[%cal Bh2h4,Bh4h5][%mdl 32]} Rc1 39. Kf3 Rc3+ (39... Ke7 {was called for.} 40. Ke3 c3) 40. Ke4 Rc1 (40... Rc2 {might work better.} 41. Ke3 Rc1 42. Rc7+ Kf6) 41. Kf5 Ke7 42. h5 Kd7 43. Ra6 ({Resist} 43. Rg6 $6 c3 $18) 43... Rd1 $2 {[#]} (43... Rc2 {is more resistant.} 44. Rg6 Rxf2+ 45. Ke4 c3 46. Rxg7+ Kd6 47. Rg6+ Kc5) 44. Ra4 $1 {[%cal Ra4c4]} Rd4 45. f4 {[%cal Bf2f4,Bf4f5,Bf5f6,Bf6f7][%mdl 32]} Kc6 46. Kg6 Kb5 47. Ra1 Rd7 48. f5 Rd4 49. Kxg7 Rg4+ 50. Kh7 Rxg3 51. Rf1 {White mates.} Rh3 52. h6 c3 53. f6 c2 54. f7 {Precision: White = 89%, Black = 41%.} 1-0

[Event "World Team-ch Women 2017"]
[Site "Khanty-Mansyisk"]
[Date "2017.06.23"]
[Round "6"]
[White "Wafa, Shrook"]
[Black "Zawadzka, Jolanta"]
[Result "1/2-1/2"]
[WhiteElo "2141"]
[BlackElo "2426"]
[Annotator "TA"]
[PlyCount "125"]
[EventDate "2017.??.??"]
[EventType "team-tourn"]
[EventCountry "RUS"]
[SourceTitle "playchess.com"]
[Source "ChessBase"]
[SourceQuality "1"]
[WhiteTeam "EGY"]
[BlackTeam "POL"]
[WhiteTeamCountry "EGY"]
[BlackTeamCountry "POL"]

{[%evp 10,125,26,15,19,4,30,30,31,35,33,16,17,4,27,6,37,41,30,0,0,0,30,1,6,0,0,0,0,0,0,14,26,26,47,14,37,20,37,24,31,34,18,12,24,15,35,20,22,0,0,0,0,0,0,0,16,0,0,0,0,0,0,-17,0,0,0,0,0,0,0,0,0,0,0,0,0,0,0,0,6,0,24,24,24,24,21,24,19,22,17,22,22,12,81,8,8,8,8,8,71,75,88,0,0,0,0,0,0,0,0,0,0,0,0,0,0,0]} 1. e4 c5 2. Nf3 d6 3. Bb5+ Nc6 4. Bxc6+ bxc6 5. O-O Bg4 6. d3 (6. h3 $5 {[%cal Rh3g4]} Bxf3 7. Qxf3 $14) 6... e5 {B51: Sicilian: Moscow Variation (3 Bb5+) without 3...Bd7} (6... e6 7. Nbd2 Nf6 8. Re1 Nd7 9. h3 Bh5 10. Nf1 Be7 11. Ng3 Bg6 12. b3 O-O 13. Bb2 Re8 14. Nh2 {½-½ (47) Kritz,L (2592)-Wang,Y (2698) Gibraltar 2008}) 7. Re1 (7. h3 $5 {[%cal Rh3g4]} Be6 8. Ng5 $14) 7... g6 $146 ({Predecessor:} 7... Be7 8. Nbd2 Nf6 9. h3 Bh5 10. Nf1 Nd7 11. Ng3 Bg6 12. c3 O-O 13. d4 exd4 14. cxd4 {½-½ (26) Olsarova,K (2242)-Havlikova,K (2289) Pardubice 2011}) 8. h3 Bxf3 {White has an edge.} 9. Qxf3 Bg7 10. c3 Ne7 11. Bg5 O-O 12. Bf6 Qd7 13. Nd2 Qe6 14. Bxe7 Qxe7 15. Nc4 Qd7 16. Rad1 f5 17. Qg3 f4 18. Qg4 Qe7 19. h4 Rad8 20. Nd2 Qb7 21. b3 Rfe8 22. Nf3 a5 23. h5 Qd7 24. Qxd7 Rxd7 25. hxg6 hxg6 26. d4 exd4 27. cxd4 cxd4 28. Nxd4 c5 29. Nf3 Bc3 30. Re2 d5 31. e5 Kg7 32. Kf1 Kh6 33. Rc2 (33. e6 $5 {[%cal Re6d7]} Rd6 34. e7 $11) 33... Bb4 34. Ne1 Rxe5 35. Nd3 Rh5 36. Nxb4 (36. Ke2 {keeps more tension.} d4 37. Kf3 Re7 38. Nxf4 Rf7 39. g4) 36... cxb4 $11 {[%mdl 4096] Endgame KRR-KRR} (36... Re7 {is interesting.} 37. Kg1 cxb4 38. f3 Re3 39. Rcd2 Kg7) 37. Ke2 Re5+ 38. Kf3 g5 39. Rc6+ Kg7 40. Rc5 Kf6 41. Rd4 Kf5 {[%csl Gf5][%cal Rg5g4] [#]} 42. g4+ fxg3 $1 43. Kxg3 Ke6 44. Rxa5 Re1 45. Rxb4 d4 46. Rb6+ Rd6 47. Rxd6+ ({Avoid the trap} 47. Rxg5 $2 Rg1+ 48. Kf3 (48. Kf4 $2 Rxg5 49. Rxd6+ Kxd6 $19) 48... Rxg5 $19) 47... Kxd6 {KR-KR} 48. Ra8 ({Don't blunder} 48. Rxg5 $2 Rg1+ 49. Kf4 Rxg5 $19) 48... Kc5 49. Rc8+ Kd5 $1 50. Rd8+ Kc5 51. Kf3 Rb1 (51... Re6 $11) 52. Ke4 ({Better is} 52. Rc8+ $16 Kd6 53. Rb8) 52... Re1+ 53. Kd3 {Hoping for Rc8+.} Rd1+ 54. Ke2 Rb1 (54... Ra1 $11 {remains equal.}) 55. Rc8+ $16 Kd5 56. Rc2 ({White should play} 56. Rg8 $16) 56... g4 $11 {The position is equal.} 57. Kd3 Rh1 58. b4 {Threatens to win with Rc5+.} Rh3+ 59. Kd2 Rh2 60. Kd3 Rh3+ 61. Kd2 Rh2 62. Kd3 Rh3+ 63. Kd2 {Precision: White = 59%, Black = 62%.} 1/2-1/2

[Event "World Team-ch Women 2017"]
[Site "Khanty-Mansyisk"]
[Date "2017.06.23"]
[Round "6"]
[White "Elansary, Eman"]
[Black "Kulon, Klaudia"]
[Result "0-1"]
[WhiteElo "1887"]
[BlackElo "2381"]
[Annotator "TA"]
[PlyCount "68"]
[EventDate "2017.??.??"]
[EventType "team-tourn"]
[EventCountry "RUS"]
[SourceTitle "playchess.com"]
[Source "ChessBase"]
[SourceQuality "1"]
[WhiteTeam "EGY"]
[BlackTeam "POL"]
[WhiteTeamCountry "EGY"]
[BlackTeamCountry "POL"]

{[%evp 13,68,56,70,65,69,60,62,40,72,28,47,45,47,-58,6,-59,-66,-100,-100,-198,-143,-282,-189,-420,-421,-408,-349,-377,-361,-375,-374,-435,-447,-441,-435,-397,-239,-267,-257,-455,-424,-377,-376,-444,-439,-442,-439,-802,-802,-832,-828,-817,-814,-767,-708,-827,-825]} 1. d4 Nf6 2. c4 g6 3. Nc3 Bg7 4. e4 O-O 5. Be2 d6 6. Be3 e5 7. d5 a5 8. h4 {E73: King's Indian: Averbakh Variation without 6...c5} Na6 9. h5 Nc5 10. hxg6 {White is slightly better.} (10. Bxc5 $5 dxc5 11. b3 $14) 10... hxg6 $146 ({Predecessor:} 10... fxg6 11. f3 Nh5 12. Qd2 Nf4 13. Bf1 c6 14. O-O-O cxd5 15. Nxd5 Be6 {1-0 (37) Eingorn,V (2548)-Sand,R (1967) Bad Wiessee 2013}) 11. Bg5 (11. Bxc5 $5 dxc5 12. Qd2 $14) 11... Qd7 12. Bf3 Nh7 13. Bh6 ({White should play} 13. Be3 $14) 13... f5 (13... Bxh6 $15 14. Rxh6 Qe7) 14. Bxg7 (14. Be3 $1 $11) 14... Qxg7 $15 15. Qd2 Nf6 {[%cal Rf5e4]} 16. Qe2 (16. exf5 $17 {keeps fighting.} gxf5 17. Nge2) 16... a4 (16... g5 $19 {Hoping for ...g4.} 17. g3 g4) 17. O-O-O (17. Rd1 $17) 17... a3 {[#] White must now prevent ...fxe4.} 18. b3 $2 (18. b4 {is the only way for White.} Na6 19. Qd2) 18... fxe4 $19 19. Bxe4 Nfxe4 20. Nxe4 Nxe4 21. Qxe4 Rxf2 {aiming for ...Bf5.} 22. Qh4 Rf4 23. Qh6 Qxh6 24. Rxh6 Kg7 25. Rh2 Bg4 {[#]} 26. g3 $2 (26. Nf3 $1 {[%mdl 512]}) 26... Rf6 27. Ne2 Raf8 28. Rdh1 Rf1+ {Black is clearly winning.} 29. Rxf1 Rxf1+ {KRB-KRN} 30. Kd2 (30. Kc2 $142 Bf5+ 31. Kc3) 30... Rb1 31. Rf2 Rb2+ 32. Ke3 Rxa2 33. Nc1 Rb2 34. Rd2 Bf5 {Precision: White = 23%, Black = 74%.} 0-1

[Event "World Team-ch Women 2017"]
[Site "Khanty-Mansyisk"]
[Date "2017.06.24"]
[Round "7"]
[White "Ju, Wenjun"]
[Black "Harika, Dronavalli"]
[Result "1/2-1/2"]
[WhiteElo "2583"]
[BlackElo "2535"]
[Annotator "TA"]
[PlyCount "62"]
[EventDate "2017.??.??"]
[EventType "team-tourn"]
[EventCountry "RUS"]
[SourceTitle "playchess.com"]
[Source "ChessBase"]
[SourceQuality "1"]
[WhiteTeam "CHN"]
[BlackTeam "IND"]
[WhiteTeamCountry "CHN"]
[BlackTeamCountry "IND"]

{[%evp 9,62,4,12,18,22,12,14,11,26,18,22,20,21,16,8,17,14,11,55,52,54,57,43,52,47,0,0,0,0,0,0,0,0,0,9,11,18,11,18,-3,-31,-96,-53,-51,-8,-8,0,0,0,0,-2,-2,-2,-2,-2]} 1. d4 d5 2. c4 e6 3. Nf3 Nf6 4. e3 Nbd7 5. Nbd2 a6 6. b3 {D30: Queen's Gambit Declined: Systems without Nc3} b6 7. Bd3 Bb7 8. O-O Bd6 9. Bb2 Ne4 (9... O-O 10. Qc2 c5 11. dxc5 bxc5 12. cxd5 exd5 {½-½ (40) Atabayev,M (2492)-Vitiugov,N (2726) Doha 2016}) 10. a3 a5 11. Qc2 $146 {[%cal Rd2e4]} ({Predecessor:} 11. cxd5 exd5 12. Qc2 Qe7 {1-0 (28) Vasquez Schroder,R (2485)-Rivera,A (2465) Santa Clara 1998}) 11... f5 12. cxd5 exd5 13. Ne5 Bxe5 14. dxe5 Ndc5 15. Nxe4 fxe4 16. Be2 O-O 17. f4 exf3 18. Rxf3 Rxf3 19. Bxf3 Qg5 $36 {[%mdl 2048] Black has good play.} 20. Re1 Rf8 21. Qd1 Kh8 22. b4 axb4 23. axb4 Ne6 24. Bg4 d4 25. exd4 (25. e4 $15 Qf4 26. Rf1 Qxe4 27. Rxf8+ Nxf8 28. Qe2) 25... h5 26. d5 Nf4 (26... Bxd5 $5 27. Qxd5 Qxg4 $11) 27. g3 {The position is equal.} (27. Bf3 Nh3+ 28. Kf1 Ba6+ 29. b5 Bxb5+ 30. Re2 {[#]} Rxf3+ $1 {[%mdl 512]} 31. Ke1 Qh4+ 32. Kd2 Qf4+ 33. Kc2 Ba4+ 34. Kb1 Bxd1 $19) 27... hxg4 28. gxf4 Qxf4 {[#] ( -> ...Qf2+)} 29. Qd4 Qxd4+ 30. Bxd4 {Threatens to win with d6.} Bxd5 31. e6 Re8 {Precision: White = 74%, Black = 60%.} 1/2-1/2